000 01474nam a2200361 c 4500
999 _c59840
_d59840
003 BLK
005 20220720092550.0
008 180408b bul|||||r ||||||| ||bul||
010 _aKNG00063967000
040 _aBLK
041 _aBUL
_cBUL
080 _aТрактори. Влекачи
_b629.114.2
_x(075.8)
_z629.114.2(075.8)
080 _aАвтомобили. Автомобилостроене
_b629.113
_x(075.8)
_z629.113(075.8)
100 1 _aВелев, Никола Начков
_eпърви автор
_9289249
139 _aВелев, Никола Начков
_bВ 38
245 1 0 _aТеория и изчисление на трактора и автомобила
_bУчебник за студентите от ВИММЕСС - Русе
_cНикола Начков Велев.
257 _aBGR
260 _aСофия
_bЗемиздат
_c1972
300 _a416 с.
_bс черт.
_c22 см
380 _a62
500 _a2 060 тир., доп. тир. 1975. - Библиогр. с. 410-411.
504 _a410-411
650 4 _aТрактори - учебници за ВУЗ
_9281816
650 4 _aАвтомобили - учебници за ВУЗ
_9254327
653 _aтрактори
653 _aавтомобили
653 _aучебници за ВУЗ
852 _aЦб 65088
_bЦб
856 4 _qpdf
856 4 _qpdf
942 _cKNG
_n0
_s1
944 _aCR
_c13.06.2004
_lф /
_kЛюдмила_Стоянова
944 _aED
_c08.06.2016
_lф /
_kПравда_Бадева
944 _aED
_c2022-07-20
_kВП
999 _d59840